000 00461nam a2200169Ia 4500
003 GCL
008 140319s9999 xx 000 0 eng d
040 _aGCL /
_cGCL
082 0 4 _a306.8097
_bO M
100 1 _aEAGLE, SELWYN
245 1 0 _aMARRIAGE AND THE FAMILY: DIVERSITY AND STRENGTHS /
_cEAGLE, SELWYN
700 1 _aULICH, ROBERT
260 _a[S.N] :
_bMACMILLAN PUBLISHING COMPANY ،
_c1994
300 _a701 P
650 0 4 _aMARRIAGE
942 _2ddc
_cBK
999 _c18408
_d18408